Библиотека Гео Милев - Летопис 1883 - 2007 (Запис номер 87099)
[ съкратено ]
| 000 -Лидер | |
|---|---|
| Контролно поле с фиксирана дължина | 02223nam a2200421 c 4500 |
| 003 - Код на организацията, давaща контролен номер | |
| Контролно поле | BLK |
| 005 - Дата и час на последна редакция | |
| Контролно поле | 20180420225020.0 |
| 008 - Елементи от данни с фиксирана дължина | |
| fixed length control field | 180408b bul|||||r ||||||| ||bul|| |
| 010 ## - Наследен системен номер | |
| LC control number | KNG00091729000 |
| 020 ## - Международен стандартен номер на книга ISBN | |
| Международен стандартен номер на книга ISBN | 978-954-400-060-8 |
| -- | издат.: Фабер |
| 040 ## - Източник на каталожния запис | |
| Идентификатор на билиотеката - собственик на записа | BLK |
| 041 ## - Код за език | |
| Код за езика на текст/звукозапис или на отделно заглавие | Български |
| Код за езика КДБФ | Български |
| 080 ## - УДК | |
| Текстов определител УДК | Окръжни библиотеки. Областни библиотеки. Регионални библиотеки |
| УДК код - определител по УДК | 027.53 |
| УДК определител | (497.213.1)(091) |
| УДК - код + определител | 027.53(497.213.1)(091) |
| 139 ## - Редно поле | |
| Редна дума | Библиотека Гео Милев. Монтана |
| Авторски знак | Би - Б 44 |
| 245 10 - Сведения за заглавието | |
| Заглавие | Библиотека Гео Милев - Летопис 1883 - 2007 |
| Редно поле (дума) | състав. Дина Стоянова Найденова; състав. Галина Благоева; * Галина Благоева Александрова. |
| 257 ## - Страна на издаване | |
| Страна на създаване/издаване | България |
| 260 ## - Област на издателските данни | |
| -- | В. Търново |
| Име на издателя, разпространителя и проч. | Фабер |
| Година на издаване | 2009 |
| 300 ## - Физическа характеристика | |
| Страници | 204 с., 8 л. |
| Илюстрации и др. | сн. |
| Размери/Мащаб | 20 см |
| 380 ## - Жанр | |
| Жанр | Общ отдел |
| 500 ## - Общи забележки | |
| Забележка | Пълното име на състав. Галина Благоева е Галина Благоева Александрова. - Съдържа и Дарители ; Списък на щатните специалисти и служители в библиотеката за периода 1926 г. до 2007 г. ; Издания на библиотеката. - Офс. изд. - Именен показалец. |
| 650 #4 - Допълнително описание по предмет – тема | |
| Основно описание – тема или топоним | Библиотеки, регионални - България |
| 9 (RLIN) | 286388 |
| 650 #4 - Допълнително описание по предмет – тема | |
| Основно описание – тема или топоним | Библиотеки, областни |
| 9 (RLIN) | 302589 |
| 650 #4 - Допълнително описание по предмет – тема | |
| Основно описание – тема или топоним | Монтана - библиотечно дело |
| 9 (RLIN) | 302590 |
| 651 #4 - Допълнително описание по предмет - топоним | |
| Географско понятие | Монтана |
| 9 (RLIN) | 179237 |
| 651 #4 - Допълнително описание по предмет - топоним | |
| Географско понятие | България |
| 9 (RLIN) | 241624 |
| 653 ## - Ключова дума – ненормативна | |
| Ключова дума | регионални библиотеки |
| 653 ## - Ключова дума – ненормативна | |
| Ключова дума | история |
| 653 ## - Ключова дума – ненормативна | |
| Ключова дума | летописи |
| 700 1# - Други автори (авторска отговорност) | |
| Лично име | Найденова, Дина Стоянова |
| Автороска отговорност (Описва отношението между автора и произведението) | състав. |
| 9 (RLIN) | 302585 |
| 700 1# - Други автори (авторска отговорност) | |
| Лично име | Благоева, Галина |
| Автороска отговорност (Описва отношението между автора и произведението) | състав. |
| 9 (RLIN) | 302586 |
| 700 1# - Други автори (авторска отговорност) | |
| Лично име | Александрова, Галина Благоева |
| Автороска отговорност (Описва отношението между автора и произведението) | * |
| 9 (RLIN) | 302587 |
| 710 1# - Име на организация или юридическо лице като допълнителен термин за търсене | |
| Наименование на организация или юридическо лице като редна дума | Библиотека Гео Милев. Монтана |
| 9 (RLIN) | 302588 |
| 852 ## - Местоположение | |
| Форматна сигнатура | Цб 245501 |
| 856 4# - Електронен адрес и достъп | |
| Електронен формат | pdf - файл |
| Път до файла /url/ | |
| 856 4# - Електронен адрес и достъп | |
| Електронен формат | pdf - файл |
| Път до файла /url/ | |
| 942 ## - АРТИКУЛИ | |
| Вид на библиотечния материал | Книги |
| Скрит в OPAC | Не |
| 944 ## - СЪЗДАВАНЕ И РЕДАКЦИЯ на ЗАПИСА | |
| Създаване/Редакция | Създаване |
| Дата на регистрацията/редакция | 29.09.2009 |
| Статус, дата на статуса | ф / |
| Служител, извършил регистрацията/редакцията | Людмила_Стоянова |
| 944 ## - СЪЗДАВАНЕ И РЕДАКЦИЯ на ЗАПИСА | |
| Създаване/Редакция | Редакция |
| Дата на регистрацията/редакция | 08.07.2013 |
| Статус, дата на статуса | ф / |
| Служител, извършил регистрацията/редакцията | |
| 999 ## - СИСТЕМНИ КОНТРОЛНИ НОМЕРА | |
| Koha biblionumber | 87099 |
| Koha biblioitemnumber | 87099 |
| Код за отписване | Код за изгубен артикул | Код за повреда | Коз за рестрикции | Код за отдаване | Артикулен № | Име на библиотеката - собственик | Име на библиотеката, в която се намира в момента | Статус (Текущо местоположение) | Дата на вписване в системата | Местоположение - отдел | Цена в лева | Инвентарен номер | Систематично азбучна сигнатура | Баркод | Номер на екземпляра | Цена в евро | Служебна бележка | Служебен тип на артикула | Източник на класификационната схема |
|---|---|---|---|---|---|---|---|---|---|---|---|---|---|---|---|---|---|---|---|
| Не е изгубен | Не е повреден | без рестрикции | ползва се в читалня | 141071 | Регионална библиотека "Любен Каравелов" Русе | Регионална библиотека "Любен Каравелов" Русе | Хранилище | 2010-04-06 | Хранилище | 0.00 | 120000743184 | Цб 245501 | 120000743184 | 1 | 0.00 | Дост: Dp Вид: Д N: 37 Дата: 02.09.2009 | Книги | ||
| Не е изгубен | Не е повреден | само за читалня | ползва се в читалня | 141072 | Регионална библиотека "Любен Каравелов" Русе | Регионална библиотека "Любен Каравелов" Русе | СБИД | 2013-02-18 | СБИД | 5.00 | 120000764182 | С 02/Б 44 | 120000764182 | 2 | 2.56 | Дост: DA Вид: А N: 2 Дата: 18.02.2013 Дата инв: 08.06.2017 Бележки инв: С2017 | Книги | Universal Decimal Classification |